| 000 | 00499nam a2200169Ia 4500 | ||
|---|---|---|---|
| 003 | GCL | ||
| 008 | 140319s9999 xx 000 0 aRus d | ||
| 040 |
_aGCL / _cGCL |
||
| 082 | 0 | 4 |
_aREF _b011.31 _bK T |
| 100 | 1 | _aKARATAY, FEHMI EDHEM | |
| 245 | 1 | 0 |
_aTOPKAPI SARAYI MUZESI KUTUPHANESI ARAPCA YAZMALAR KATALOGU / _cKARATAY, FEHMI EDHEM |
| 260 |
_a[S.N] : _bTOPKAPI SARYI MUZESI ، _c1962 |
||
| 650 | 0 | 4 | _aMANUSCRIPTS |
| 650 | 0 | 4 | _aBIBLIOGRAPHIES |
| 650 | 0 | 4 | _aMANUSCRIPTS, ARABIC |
| 942 |
_2ddc _cBK |
||
| 999 |
_c15551 _d15551 |
||